BBL Centuries - Statistics

General Stats
  • This quiz has been taken 120 times
  • The average score is 18 of 31
Answer Stats
Score Team Player % Correct
147* Stars Marcus Stoinis
89%
103 Stars Glenn Maxwell
84%
122* Hurricanes D'Arcy Short
83%
103* Hurricanes D'Arcy Short
83%
101 Heat Chris Lynn
82%
111* Renegades Aaron Finch
81%
109 Renegades Aaron Finch
81%
130* Hurricanes Matt Wade
76%
127 Hurricanes Ben McDermott
74%
114 Hurricanes Ben McDermott
74%
110* Hurricanes Ben McDermott
74%
102* Thunder David Warner
72%
101* Strikers Travis Head
67%
100* Scorchers Mitch Marsh
66%
109* Thunder Usman Khawaja
60%
104* Thunder Usman Khawaja
60%
101 Strikers Alex Carey
55%
100 Strikers Alex Carey
55%
115 Strikers Jake Weatherald
53%
110 Thunder Alex Hales
50%
117 Stars Luke Wright
45%
109* Stars Luke Wright
45%
105* Scorchers Michael Klinger
44%
100* Thunder Chris Gayle
36%
112 Scorchers Craig Simmons
35%
102 Scorchers Craig Simmons
35%
103* Stars Peter Handscomb
33%
100 Thunder Shane Watson
30%
113* Thunder Callum Ferguson
29%
114* Scorchers Colin Munro
27%
112* Heat Luke Pomersbach
13%
No matching quizzes found
Score Distribution
Percent of People with Each Score
Percentile by Number Answered
Your Score History
You have not taken this quiz